| 000 | 00580nam a22001937a 4500 | ||
|---|---|---|---|
| 003 | OSt | ||
| 005 | 20140310181755.0 | ||
| 008 | 130629t xxu||||| |||| 00| 0 eng d | ||
| 050 |
_aSB 951 _b.C518 1997 |
||
| 082 |
_aFIL 577 _bC42 2001 |
||
| 100 | _aCheng, Charles L | ||
| 245 |
_aPesticides : _bits hazardous effects on the Benguet farmers and the environment / _cCharles L. Cheng. |
||
| 260 |
_aBaguio City, Philippines : _bUnique Printing Press, _c1997. |
||
| 300 |
_a152 p. : _bill. ; _c22 cm. |
||
| 562 | _e1 | ||
| 650 | _aPesticides | ||
| 942 |
_2lcc _cBK |
||
| 999 |
_c3405 _d3405 |
||